Statistics for 01-北海道の市町村クイズ(1999年)

Click here to take the quiz!

General Stats

  • This quiz has been taken 9 times
  • The average score is 163 of 218

Answers on the Map

Answers color-coded by a green-red scale on the quiz's map according to % correct below.
 

Answer Stats

Answer% Correct
枝幸えさしちょう
100%
音威子府おといねっぷむら
100%
猿払さるふつむら
100%
蘂取しべとろむら
100%
紗那しゃなむら
100%
天塩てしおちょう
100%
愛別あいべつちょう
83%
赤井川あかいがわむら
83%
赤平あかびら
83%
阿寒あかんちょう
83%
旭川あさひかわ
83%
芦別あしべつ
83%
足寄あしょろちょう
83%
厚岸あっけしちょう
83%
厚沢部あっさぶちょう
83%
厚真あつまちょう
83%
網走あばしり
83%
生田原いくたはらちょう
83%
池田いけだちょう
83%
石狩いしかり
83%
今金いまかねちょう
83%
岩内いわないちょう
83%
岩見沢いわみざわ
83%
歌志内うたしない
83%
歌登うたのぼりちょう
83%
浦臼うらうすちょう
83%
浦幌うらほろちょう
83%
雨竜うりゅうちょう
83%
江差えさしちょう
83%
恵山えさんちょう
83%
恵庭えにわ
83%
江別えべつ
83%
えりもちょう
83%
遠軽えんがるちょう
83%
遠別えんべつちょう
83%
追分おいわけちょう
83%
雄武おうむちょう
83%
奥尻おくしりちょう
83%
置戸おけとちょう
83%
興部おこっぺちょう
83%
長万部おしゃまんべちょう
83%
小樽おたる
83%
音更おとふけちょう
83%
乙部おとべちょう
83%
帯広おびひろ
83%
小平おびらちょう
83%
音別おんべつちょう
83%
上磯かみいそちょう
83%
上川かみかわちょう
83%
上士幌かみしほろちょう
83%
上砂川かみすながわちょう
83%
上富良野かみふらのちょう
83%
上湧別かみゆうべつちょう
83%
神恵内かもえないむら
83%
木古内きこないちょう
83%
北広島きたひろしま
83%
北見きたみ
83%
喜茂別きもべつちょう
83%
京極きょうごくちょう
83%
共和きょうわちょう
83%
清里きよさとちょう
83%
釧路くしろ
83%
釧路くしろちょう
83%
倶知安くっちゃんちょう
83%
栗山くりやまちょう
83%
黒松内くろまつないちょう
83%
訓子府くんねっぷちょう
83%
剣淵けんぶちちょう
83%
小清水こしみずちょう
83%
札幌さっぽろ
83%
様似さまにちょう
83%
更別さらべつむら
83%
佐呂間さろまちょう
83%
鹿追しかおいちょう
83%
鹿部しかべちょう
83%
色丹しこたんむら
83%
静内しずないちょう
83%
標茶しべちゃちょう
83%
士別しべつ
83%
標津しべつちょう
83%
士幌しほろちょう
83%
島牧しままきむら
83%
清水しみずちょう
83%
占冠しむかっぷむら
83%
下川しもかわちょう
83%
積丹しゃこたんちょう
83%
斜里しゃりちょう
83%
初山別しょさんべつむら
83%
白老しらおいちょう
83%
白滝しらたきむら
83%
白糠しらぬかちょう
83%
新篠津しんしのつむら
83%
新得しんとくちょう
83%
新十津川しんとつかわちょう
83%
寿都すっつちょう
83%
砂川すながわ
83%
壮瞥そうべつちょう
83%
大樹たいきちょう
83%
鷹栖たかすちょう
83%
滝川たきかわ
83%
滝上たきのうえちょう
83%
伊達だて
83%
秩父別ちっぷべつちょう
83%
月形つきがたちょう
83%
津別つべつちょう
83%
鶴居つるいむら
83%
当別とうべつちょう
83%
当麻とうまちょう
83%
洞爺とうやむら
83%
常呂ところちょう
83%
椴法華とどほっけむら
83%
苫小牧とまこまい
83%
豊富とよとみちょう
83%
中川なかがわちょう
83%
中頓別なかとんべつちょう
83%
浜頓別はまとんべつちょう
83%
幌延ほろのべちょう
83%
利尻りしりちょう
83%
利尻富士りしりふじちょう
83%
留別るべつむら
83%
礼文れぶんちょう
83%
稚内わっかない
83%
虻田あぶたちょう
67%
浦河うらかわちょう
67%
大野おおのちょう
67%
かみくにちょう
67%
北檜山きたひやまちょう
67%
砂原さわらちょう
67%
知内しりうちちょう
67%
端野たんのちょう
67%
千歳ちとせ
67%
弟子屈てしかがちょう
67%
苫前とままえちょう
67%
とまりむら(後志)
67%
とまりむら(根室)
67%
豊浦とようらちょう
67%
豊頃とよころちょう
67%
奈井江ないえちょう
67%
中札内なかさつないむら
67%
中標津なかしべつちょう
67%
長沼ながぬまちょう
67%
名寄なよろ
67%
南幌なんぽろちょう
67%
新冠にいかっぷちょう
67%
仁木にきちょう
67%
西興部にしおこっぺむら
67%
ニセコちょう
67%
沼田ぬまたちょう
67%
根室ねむろ
67%
登別のぼりべつ
67%
函館はこだて
67%
羽幌はぼろちょう
67%
浜中はまなかちょう
67%
美瑛びえいちょう
67%
東神楽ひがしかぐらちょう
67%
東川ひがしかわちょう
67%
比布ぴっぷちょう
67%
美唄びばい
67%
美深びふかちょう
67%
美幌びほろちょう
67%
平取びらとりちょう
67%
広尾ひろおちょう
67%
風連ふうれんちょう
67%
深川ふかがわ
67%
富良野ふらの
67%
古平ふるびらちょう
67%
別海べつかいちょう
67%
北竜ほくりゅうちょう
67%
幌加内ほろかないちょう
67%
本別ほんべつちょう
67%
幕別まくべつちょう
67%
増毛ましけちょう
67%
真狩まっかりむら
67%
丸瀬布まるせっぷちょう
67%
三笠みかさ
67%
三石みついしちょう
67%
南茅部みなみかやべちょう
67%
南富良野みなみふらのちょう
67%
鵡川むかわちょう
67%
室蘭むろらん
67%
女満別めまんべつちょう
67%
芽室めむろちょう
67%
妹背牛もせうしちょう
67%
もりまち
67%
紋別もんべつ
67%
門別もんべつちょう
67%
八雲やくもちょう
67%
夕張ゆうばり
67%
湧別ゆうべつちょう
67%
由仁ゆにちょう
67%
余市よいちちょう
67%
羅臼らうすちょう
67%
蘭越らんこしちょう
67%
陸別りくべつちょう
67%
留寿都るすつむら
67%
留辺蘂るべしべちょう
67%
留萌るもい
67%
留夜別るよべつむら
67%
和寒わっさむちょう
67%
厚田あつたむら
50%
きたむら
50%
熊石くまいしちょう
50%
栗沢くりさわちょう
50%
瀬棚せたなちょう
50%
忠類ちゅうるいむら
50%
戸井といちょう
50%
中富良野なかふらのちょう
50%
七飯ななえちょう
50%
早来はやきたちょう
50%
東藻琴ひがしもことむら
50%
日高ひだかちょう
50%
福島ふくしまちょう
50%
穂別ほべつちょう
50%
松前まつまえちょう
50%
朝日あさひちょう
33%
大滝おおたきむら
33%
浜益はまますむら
33%
大成たいせいちょう
17%

Score Distribution

Percentile by Number Answered

Percent of People with Each Score

Your Score History

You have not taken this quiz